Statistics for 50 Most Popular Cocktails in the World in 2017

Click here to take the quiz!

General Stats

  • This quiz has been taken 468 times
  • The average score is 14 of 50

Answer Stats

HintAnswer% Correct
15Espresso Martini
87%
6Dry Martini
85%
38Vodka Martini
85%
9Mojito
71%
7Margarita
69%
31Cosmopolitan
67%
1Old Fashioned
64%
21Rum Old Fashioned
64%
4Manhattan
63%
43White Russian
57%
39Long Island Iced Tea
52%
12Bloody Mary
51%
5Whiskey Sour
48%
2Negroni
45%
3Daiquiri
40%
33Cuba Libre
37%
24Tom Collins
36%
36Sidecar
35%
8Moscow Mule
34%
11Mai Tai
29%
22Aperol Spritz
25%
27Ramos Gin Fizz
22%
23Gin Fizz
21%
41Amaretto Sour
19%
16Gimlet
19%
30French 75
18%
35Mint Julep
17%
14Dark 'N' Stormy
16%
18Pisco Sour
16%
10Sazerac
16%
20Zombie
16%
32Americano
13%
17Aviation
11%
34Paloma
11%
48Rob Roy
11%
37Bramble
9%
13Boulevardier
8%
42Vesper
8%
50Godfather
7%
26Corpse Reviver
6%
19Penicillin
6%
47Hanky Panky
5%
40Painkiller
5%
28Vieux Carre
5%
25Caipiranha
4%
29Clover Club
4%
44Jungle Bird
3%
46Old Cuban
3%
49Ti' Punch
2%
45Champaigne Cocktail
1%

Score Distribution

Percentile by Number Answered

Percent of People with Each Score

Your Score History

You have not taken this quiz